000 00536nam a2200145Ia 4500
001 599
008 241024s9999 xx 000 0 und d
082 _aRD/331.33/S693c
100 _aMyrna Somarriba
245 0 _aPrimero Aprendo, proyecto educativo para la niñez trabajado/ La Calidad Educativa La calidad educativa y su efecto en la retención escolar de los niños trabajadores beneficiarios en los proyectos piloto
260 _bManagua, Nicaragua/EMCOR
_c2008
590 _asi
901 _a18/11/2010 11:22:18 a.m.
999 _c9727
_d9727